Middle Ranked Baby Names (2000's) Quiz Stats

 Plays Quiz not verified by Sporcle

Score 0/200 Timer 20:00
0 Plays Today
Gender/Rank Name % Correct
Boy-145Eli
66.3%
Boy-130Paul
63.7%
Boy-159Peter
59.9%
Boy-103Victor
58.8%
Boy-143George
58.2%
Girl-135Laura
57.3%
Boy-102Henry
56.6%
Girl-134Angel
55.8%
Girl-125Christina
55.3%
Girl-161Eva
54.2%
Boy-111Mark
54%
Girl-115Amy
53.7%
Girl-168Kate
53.5%
Girl-158Kelly
53.5%
Girl-103Melissa
52.7%
Boy-185Oliver
52.4%
Girl-109Katie
51.7%
Girl-137Margaret
50.6%
Boy-135Alan
50.1%
Boy-137Stephen
49.5%
Boy-116Vincent
49.2%
Boy-110Jeremy
49.1%
Girl-111Catherine
49%
Boy-131Edward
49%
Boy-178Erik
48.8%
Girl-179Lucy
48%
Boy-191Gregory
47.7%
Girl-145Alicia
47.2%
Boy-115Marcus
46.7%
Girl-110Jade
46.6%
Boy-121Kenneth
46.5%
Girl-183Erica
46.5%
Boy-170Shawn
46.2%
Girl-112Diana
45.9%
Girl-136Charlotte
45.5%
Girl-107Angela
44.7%
Girl-170Karen
43.7%
Girl-126Courtney
43.3%
Girl-189Brittany
43.3%
Girl-172Cassandra
43.2%
Boy-174Bradley
43%
Girl-132Alexandria
43%
Girl-155Valerie
43%
Girl-192Veronica
42.9%
Boy-161Jeffrey
42.8%
Girl-150Caitlin
42.8%
Girl-116Briana
42.4%
Girl-142Kelsey
42.1%
Girl-144Ana
42.1%
Boy-151Derek
41.9%
Boy-200Martin
41.7%
Girl-101Isabelle
41.2%
Girl-186Chelsea
41.1%
Girl-185Hope
41.1%
Girl-153Ruby
41%
Girl-128Kathryn
40.7%
Girl-105Marissa
40.5%
Boy-162Brendan
40.2%
Boy-106Jake
40%
Girl-104Jacqueline
39.9%
Boy-123Oscar
39.7%
Girl-173Juliana
39.7%
Boy-104Trevor
39.6%
Girl-108Leslie
39.6%
Boy-148Max
39.3%
Girl-133Natalia
39.3%
Boy-163Travis
39.2%
Gender/Rank Name % Correct
Girl-127Daniela
39%
Boy-107Riley
39%
Girl-199Ellie
38.6%
Girl-171Tiffany
38.6%
Girl-160Zoey
38.3%
Girl-200Jasmin
38.3%
Boy-108Colin
38%
Girl-167Jordyn
37.9%
Girl-146Jillian
37.8%
Boy-109Jared
37.7%
Boy-142Alexis
37.7%
Girl-184Angelica
37%
Girl-140Miranda
36.9%
Boy-122Joel
36.7%
Girl-182Crystal
36.6%
Boy-158Shane
36.6%
Boy-119Brady
36.1%
Boy-101Alejandro
36.1%
Girl-118Gabriela
36.1%
Boy-172Jonah
36%
Boy-165Peyton
36%
Girl-123Peyton
36%
Girl-122Gracie
35.9%
Boy-138Grant
35.8%
Girl-129Lydia
35.8%
Girl-147Daisy
35.8%
Girl-124Adriana
35.7%
Boy-105Bryce
35.3%
Boy-113Garrett
35.2%
Boy-114Parker
35.2%
Boy-132Ivan
35.2%
Girl-113Aubrey
35.1%
Girl-143Payton
35.1%
Girl-193Lilly
34.9%
Boy-112Caden
34.1%
Boy-127Ashton
34.1%
Girl-162Sadie
33.9%
Boy-190Raymond
33.6%
Girl-148Mckenzie
33.6%
Girl-117Sophie
33.4%
Boy-144Collin
33.3%
Girl-165Kylee
33%
Boy-120Colton
32.9%
Girl-166Kendall
32.9%
Boy-182Devon
32.7%
Girl-102Madelyn
32.7%
Boy-153Brody
32.7%
Girl-141Naomi
32.6%
Boy-184Wesley
32.4%
Boy-180Edwin
32.3%
Girl-164Cassidy
32.1%
Boy-134Maxwell
31.9%
Boy-160Damian
31.9%
Girl-119Breanna
31.8%
Girl-175Caitlyn
31.7%
Girl-130Valeria
31.5%
Girl-196Adrianna
31.3%
Girl-154Rylee
31.2%
Boy-126Cooper
31.2%
Girl-194Abby
30.8%
Girl-106Shelby
30.6%
Girl-139Mikayla
30.2%
Girl-152Summer
30.1%
Girl-151Sabrina
29.9%
Girl-163Alexia
29.7%
Girl-121Kennedy
29.5%
Girl-149Ashlyn
29.5%
Gender/Rank Name % Correct
Girl-188Liliana
29.4%
Boy-150Ricardo
29.3%
Girl-120Gianna
29%
Girl-131Layla
29%
Girl-195Jazmin
28.9%
Boy-124Josiah
28.7%
Boy-177Edgar
28.3%
Boy-166Conner
28.2%
Boy-171Braden
28.1%
Girl-138Cheyenne
28.1%
Boy-133Preston
28%
Boy-139Nicolas
27.9%
Boy-146Spencer
27.9%
Boy-152Micah
27.9%
Boy-125Jorge
27.8%
Boy-140Omar
27.8%
Boy-154Francisco
27.7%
Boy-168Javier
27.1%
Boy-141Dakota
26.9%
Girl-114Mya
26.9%
Boy-197Colby
26.5%
Boy-194Leonardo
26.4%
Boy-118Kaden
26.4%
Boy-136Levi
26.3%
Boy-117Kaleb
26.2%
Boy-179Mario
26.2%
Girl-187Alana
26.1%
Girl-191Makenzie
26.1%
Boy-176Manuel
25.8%
Boy-129Eduardo
25.7%
Boy-128Tanner
25.6%
Boy-193Elias
25.6%
Boy-155Nolan
25.4%
Boy-192Abraham
25.2%
Boy-164Fernando
25%
Girl-156Skylar
24.5%
Boy-198Marco
23.7%
Boy-181Johnathan
23.6%
Boy-183Erick
23.4%
Boy-199Bryson
23.4%
Girl-176Giselle
22.8%
Girl-159Genesis
22.6%
Boy-147Gage
22.6%
Girl-190Camila
21.3%
Girl-181Bianca
21.3%
Girl-174Reagan
21.2%
Girl-169Jayla
21%
Boy-156Ayden
20.8%
Boy-149Cristian
20.7%
Boy-169Giovanni
20.6%
Boy-175Emmanuel
20.3%
Boy-187Hector
20.2%
Girl-177Serenity
19.2%
Boy-157Dalton
18.2%
Boy-186Trenton
17%
Boy-167Andres
16.7%
Girl-198Delaney
14.7%
Girl-197Karina
13.9%
Girl-180Kiara
12.9%
Boy-195Sergio
12.2%
Boy-189Jalen
11.9%
Boy-196Donovan
11.9%
Boy-173Cesar
11.4%
Girl-178Alondra
8.5%
Boy-188Malchi
7.4%
Girl-157Lyndsey
6.9%

You're not logged in!

Compare scores with friends on all Sporcle quizzes.
OR
Log In

Show Comments

Extras

Created Nov 2, 2010SourceReportNominate
Tags:Baby Names Quiz, name

Top Quizzes Today


Score Distribution

Your Account Isn't Verified!

In order to create a playlist on Sporcle, you need to verify the email address you used during registration. Go to your Sporcle Settings to finish the process.

Report this User

Report this user for behavior that violates our Community Guidelines.

Details: